Colonization, succesion and stability: the 26th Symposium of the British Ecological Society held jointly with the Linnean Society of London

محفوظ في:
التفاصيل البيبلوغرافية
المؤلف الرئيسي: Gray, Alan J (مؤلف)
مؤلفون آخرون: Craley, M. J, Edwards, P. J
التنسيق: كتاب
اللغة:الإنجليزية
منشور في: Oxford Blackwell Scientific 1987
الموضوعات:
الوسوم: إضافة وسم
لا توجد وسوم, كن أول من يضع وسما على هذه التسجيلة!

MARC

LEADER 00000nam a2200000 a 4500
001 UCW0372
003 CL-VaPUC
005 20200728174610.0
008 881007e19870000UK |||||||||||||||||eng|d
999 |c 215563  |d 215561 
040 |c Pontificia Universidad Católica de Valparaíso 
082 0 4 |a 577.18 GRA 1987  |2 21 
100 |a Gray, Alan J  |e author  |9 304295 
245 1 0 |a Colonization, succesion and stability: the 26th Symposium of the British Ecological Society held jointly with the Linnean Society of London 
260 |a Oxford  |b Blackwell Scientific  |c 1987 
300 |a 482 páginas 
583 |a last modification  |c 19881007 00:00:00  |k Rodrigo Vera 
650 7 |a SUCESION ECOLOGIA  |2 CL-VaPUC  |9 269515 
650 7 |a CONGRESOS, CONFERENCIAS, ETC  |2 CL-VaPUC  |9 255444 
650 7 |a COLONIAS BIOLOGIA  |2 CL-VaPUC  |9 269516 
700 0 |a Craley, M. J  |9 304296 
700 0 |a Edwards, P. J  |9 304297 
942 |c BK  |2 ddc 
945 |d 19881007 00:00:00 
952 |0 0  |1 0  |2 ddc  |4 0  |6 577_180000000000000_GRA_1987  |7 0  |8 A  |9 199935  |a BIBCUR  |b BIBCUR  |d 2019-11-14  |i 2672235  |o 577.18 GRA 1987  |p 2672235  |r 2025-04-22  |t 1  |w 2019-11-14  |y BK  |k BIO